000 00209 a2200097 4500
001 125530
040 _cEscola Canadense de Niteroi
100 _aGutierrez, Francisco
245 1 0 _aLinguagem Total
942 _cREF
999 _c125530
_d125530